00699nam a2200193 4500001000700000003000900007005001700016007000300033008004100036100004000077245011200117260003100229300002200260490002100282830002900303852003200332999001900364952012200383137477ES-MaACL20230906195400.0t|070214s1963 sp r ||||1| spa d1 aSánchez Barbudo, Antonio.910248013aLa segunda época de Juan Ramón Jiménez b: cincuenta poemas comentados / cAntonio Sánchez Barbudo. aMadrid : bGredos, c1963. a190 p. ; c19 cm.1 aDe campo abierto0 aDe campo abierto9220097 aES-MaACLjC-24300 bR.52816 c137477d137477 00104070aATENEOMbATENEOMcDEPO2d2008-01-17eSCl0oC-24300p1143065r2023-02-23 00:00:00w2023-02-23yMONOGRAFIA